| 000 | 00861cam a2200265 4500 | ||
|---|---|---|---|
| 001 | 35728 | ||
| 003 | BD-RjUL | ||
| 005 | 20211209052353.0 | ||
| 008 | 140531r19711924nyub b 001 0 eng | ||
| 035 | _a(BD-RjUL)35823 | ||
| 040 |
_aDLC _cDLC _dDLC _beng |
||
| 041 | _aeng | ||
| 082 | 0 | 0 |
_a971.02 _bTRC 1971 |
| 100 | 1 |
_aTrotter, Reginald George, _d1888-1951. _9108817 |
|
| 245 | 1 | 0 |
_aCanadian federation: its origins and achievement; _ba study in nation building. |
| 260 |
_aNew York : _bRussell & Russell ; _c1971 |
||
| 300 |
_axiv, 348 p. : _bfold. map. _c22 cm. |
||
| 500 | _aReprint of the 1924 ed. | ||
| 504 | _aBibliography: p. 321-332. | ||
| 651 | 0 |
_aCanada _xHistory _y1763-1867. _984288 |
|
| 856 | 4 | 1 |
_3Table of contents _uhttp://www.loc.gov/catdir/toc/fy0605/72151225.html |
| 942 |
_2ddc _cBK |
||
| 999 |
_c35728 _d35728 |
||